Veterinary hematology and clinical chemistry / (Record no. 20821)

000 -LEADER
fixed length control field 00672cam a2200217 a 4500
020 ## - INTERNATIONAL STANDARD BOOK NUMBER
ISBN 9780813810270 (hardcover : alk. paper)
040 ## - CATALOGING SOURCE
Transcribing agency DLC
082 00 - DEWEY DECIMAL CLASSIFICATION NUMBER
Classification number 636 WIL 2005 A042 Or.
245 00 - TITLE STATEMENT
Title Veterinary hematology and clinical chemistry /
250 ## - EDITION STATEMENT
Edition statement 2nd ed.
260 ## - PUBLICATION, DISTRIBUTION, ETC. (IMPRINT)
Place of publication Ames, Iowa :
Name of publisher Wiley-Blackwell,
Year of publication 2012.
300 ## - PHYSICAL DESCRIPTION
Number of Pages xii, 762 p. :
Other physical details ill. (some col.) ;
Dimensions 29 cm.
650 #0 - SUBJECT ADDED ENTRY--TOPICAL TERM
Topical Term Veterinary hematology.
650 #0 - SUBJECT ADDED ENTRY--TOPICAL TERM
Topical Term Veterinary clinical chemistry.
650 12 - SUBJECT ADDED ENTRY--TOPICAL TERM
Topical Term Hematologic Diseases
650 22 - SUBJECT ADDED ENTRY--TOPICAL TERM
Topical Term Clinical Chemistry Tests
650 22 - SUBJECT ADDED ENTRY--TOPICAL TERM
Topical Term Clinical Laboratory Techniques
650 22 - SUBJECT ADDED ENTRY--TOPICAL TERM
Topical Term Hematologic Diseases
700 1# - ADDED ENTRY--PERSONAL NAME
Personal name Thrall, Mary Anna.
942 ## - ADDED ENTRY ELEMENTS (KOHA)
Koha item type ADB
952 ## - LOCATION AND ITEM INFORMATION (KOHA)
Withdrawn status [LOCAL, KOHA] 0
952 ## - LOCATION AND ITEM INFORMATION (KOHA)
Withdrawn status [LOCAL, KOHA] 0
952 ## - LOCATION AND ITEM INFORMATION (KOHA)
Withdrawn status [LOCAL, KOHA] 0
Holdings
Permanent Location Date acquired Koha item type Lost status Shelving location Barcode Current Location Full call number
Library Block A2022-12-06ADB A042a069555Library Block A636 WIL 2005 A042 Or.
Library Block A2022-12-06ADB A042a069858Library Block A636 WIL 2005 A042 Or.
Library Block A2022-12-06ADB A042a069862Library Block A636 WIL 2005 A042 Or.
មជ្ឈមណ្ឌលឯការនៃសាកលវិទ្យាល័យភូមិន្ទកសិកម្មចំការដូង

Powered by Koha